000 00337nam a2200145Ia 4500
008 230917s9999||||xx |||||||||||||| ||und||
040 _e58923
_aMAIN
041 _aEnglish
082 _a412 B638M
100 _aBolinger, Dwight
245 0 _aMeaning and form
260 _aLondon
_bLongman
_c1977
300 _ax, 212 p.
942 _cBK
999 _c192192
_d192192